SS. PP. Toletanorum quotquot extant Opera (Record no. 165710)

MARC details
000 -LEADER
campo de control de longitud fija 01070nam a2200253 i 4500
001 - NÚMERO DE CONTROL
campo de control 165710
003 - IDENTIFICADOR DE NÚMERO DE CONTROL
campo de control ES-MaACL
005 - FECHA Y HORA DE LA ÚLTIMA TRANSACCIÓN
campo de control 20251009191830.0
008 - DATOS DE LONGITUD FIJA--INFORMACIÓN GENERAL
campo de control de longitud fija 931025s1785 sp ax |||| | lat d
040 ## - FUENTE DE CATALOGACIÓN
Centro catalogador/agencia de origen CARM
Lengua de catalogación spa
Centro/agencia transcriptor PAB
245 00 - MENCIÓN DEL TÍTULO
Título SS. PP. Toletanorum quotquot extant Opera
Resto del título : nunc primum simul edita ... : tomus secundus ... /
Mención de responsabilidad, etc. opera, auctoritate, et expensis ... Francisci de Lorenzana ... Archiepiscopi Toletani.
260 ## - PUBLICACIÓN, DISTRIBUCIÓN, ETC.
Lugar de publicación, distribución, etc. Matriti :
Nombre del editor, distribuidor, etc. apud Ioachinum Ibarra ...,
Fecha de publicación, distribución, etc. 1785.
300 ## - DESCRIPCIÓN FÍSICA
Extensión [6], XXII, 642 [i.e. 640] p. ;
Dimensiones Fol.
596 ## - NOTA AL PIE DE IMPRENTA
NOTA AL PIE DE IMPRENTA Marca tip. en port. (Vindel, 605)
597 ## - NOTA DE DESCRIPCIÓN FÍSICA
NOTA DE DESCRIPCIÓN FÍSICA Sign.: a6, b-c4, A-Z4, 2A-2Z4, 3A-3Z4, 4A-4L4.
597 ## - NOTA DE DESCRIPCIÓN FÍSICA
NOTA DE DESCRIPCIÓN FÍSICA Error de pag., de p. 632 pasa a 635.
597 ## - NOTA DE DESCRIPCIÓN FÍSICA
NOTA DE DESCRIPCIÓN FÍSICA Texto a dos col.
599 ## - NOTA A LAS ILUSTRACIONES
NOTA A LAS ILUSTRACIONES Ilustraciones xil., a partir de p. 609.
650 ## - PUNTO DE ACCESO ADICIONAL DE MATERIA--TÉRMINO DE MATERIA
Término de materia o nombre geográfico como elemento de entrada Patrística.
9 (RLIN) 15895
651 #4 - PUNTO DE ACCESO ADICIONAL DE MATERIA--NOMBRE GEOGRÁFICO
Nombre geográfico Toledo (Provincia)-
Subdivisión general Historia eclesiástica.
9 (RLIN) 142698
700 1# - ENTRADA AGREGADA--NOMBRE PERSONAL
Nombre de persona Lorenzana, Francisco Antonio de,
Fechas asociadas al nombre 1722-1804
9 (RLIN) 151831
852 ## - LOCALIZACIÓN
Ubicación ES-MaACL
Número de control de estantería R-98-100
Nota libre -- Enc. pasta española
Encuadernación Olim: 293-5
Holdings
Estatus retirado Estado de pérdida Estado de daño No para préstamo Colección Biblioteca de origen Biblioteca actual Ubicación en estantería Fecha de adquisición Total de préstamos Signatura topográfica completa Código de barras Visto por última vez Precio de reemplazo Tipo de ítem Koha
        Libros del s. XVIII Biblioteca del Ateneo de Madrid Biblioteca del Ateneo de Madrid Depósito 17/01/2008   R-98-100 1173785 23/02/2023 23/02/2023 Libro impreso antiguo